书目信息 |
| 题名: |
中西回日历
|
|
| 作者: | 陈垣 撰 | |
| 分册: | ||
| 出版信息: | 北京 中华书局 1962 |
|
| 页数: | 1034页 | |
| 开本: | 26cm | |
| 丛书名: | ||
| 单 册: | ||
| 中图分类: | P196 | |
| 科图分类: | ||
| 主题词: | 历书对照表--1821~1950 , 时间 , 历法 | |
| 电子资源: | ||
| ISBN: | ||
| 000 | 00608nam0 2200241 45 | |
| 001 | 0178006111 | |
| 005 | 20060913103245.35 | |
| 010 | @dCNY25.00 | |
| 091 | @aCN@b7098.6 | |
| 100 | @a19950726d1962 em y0chiy0121 ea | |
| 101 | 0 | @achi |
| 102 | @aCN@b110000 | |
| 105 | @ay z 000yy | |
| 200 | 10 | @a中西回日历@Azhong xi hui ri li@f陈垣撰@Fchen yuan zhuan |
| 210 | @a北京@c中华书局@d1962 | |
| 215 | @a1034页@d26cm | |
| 606 | @a历书对照表@z1821~1950 | |
| 606 | 0 | @a时间 |
| 606 | 0 | @a历法 |
| 690 | @aP196@v3 | |
| 701 | 0 | @a陈垣@Achen yuan@4撰 |
| 801 | 0 | @aCN@bTSSF@c20060913 |
| 905 | @a10447@dP196@e126 | |
| 中西回日历/陈垣撰.-北京:中华书局,1962 |
| 1034页;26cm |
| ISBN :CNY25.00 |
| ● |
| 相关链接 |
|
|
|
|
正题名:中西回日历
索取号:P196/126
 
预约/预借
| 序号 | 登录号 | 条形码 | 馆藏地/架位号 | 状态 | 备注 |
| 1 | 0475343 | 204753436 | 密集书库/ [索取号:P196/126] | 在馆 |